<?xml version="1.0" encoding="UTF-8"?>
<record
    xmlns:xsi="http://www.w3.org/2001/XMLSchema-instance"
    xsi:schemaLocation="http://www.loc.gov/MARC21/slim http://www.loc.gov/standards/marcxml/schema/MARC21slim.xsd"
    xmlns="http://www.loc.gov/MARC21/slim">

  <leader>00667nam a22001937a 4500</leader>
  <datafield tag="952" ind1=" " ind2=" ">
    <subfield code="a">0001</subfield>
    <subfield code="b">0001</subfield>
    <subfield code="d">2020-12-14</subfield>
    <subfield code="l">0</subfield>
    <subfield code="o">ATA 923.156 B66b 1966</subfield>
    <subfield code="p">001405</subfield>
    <subfield code="r">2020-12-14 00:00:00</subfield>
    <subfield code="w">2020-12-14</subfield>
    <subfield code="x">Emine Ba&#x15F;ak Alkan Ba&#x11F;&#x131;&#x15F;&#x131;d&#x131;r.</subfield>
    <subfield code="y">BKS</subfield>
  </datafield>
  <datafield tag="999" ind1=" " ind2=" ">
    <subfield code="c">14287</subfield>
    <subfield code="d">14287</subfield>
  </datafield>
  <controlfield tag="003">MIRAKIL</controlfield>
  <controlfield tag="005">20201214142949.0</controlfield>
  <controlfield tag="008">201214b        tu ||||| |||| 00| 0 tur d</controlfield>
  <datafield tag="040" ind1=" " ind2=" ">
    <subfield code="a">TR-AnCHP</subfield>
    <subfield code="c">TR-AnCHP</subfield>
  </datafield>
  <datafield tag="041" ind1=" " ind2=" ">
    <subfield code="a">tur</subfield>
  </datafield>
  <datafield tag="082" ind1=" " ind2=" ">
    <subfield code="a">ATA 923.156</subfield>
    <subfield code="b">B66b 1966</subfield>
  </datafield>
  <datafield tag="100" ind1=" " ind2=" ">
    <subfield code="a">Borak, Sadi</subfield>
  </datafield>
  <datafield tag="245" ind1="1" ind2="0">
    <subfield code="a">Bilinmiyen y&#xF6;nleriyle Atat&#xFC;rk / </subfield>
    <subfield code="c">Sadi Borak.</subfield>
  </datafield>
  <datafield tag="260" ind1=" " ind2=" ">
    <subfield code="a">&#x130;stanbul:</subfield>
    <subfield code="b">Kitap&#xE7;&#x131;l&#x131;k Ticaret Limited &#x15E;irketi Yay&#x131;nlar&#x131;,</subfield>
    <subfield code="c">1966.</subfield>
  </datafield>
  <datafield tag="300" ind1=" " ind2=" ">
    <subfield code="a">144 s.:</subfield>
    <subfield code="c">19 sm.</subfield>
  </datafield>
  <datafield tag="600" ind1="1" ind2="4">
    <subfield code="9">1465</subfield>
    <subfield code="a">Atat&#xFC;rk, Gazi Mustafa Kemal</subfield>
    <subfield code="c">T&#xFC;rkiye Cumhuriyeti 1. Cumhurba&#x15F;kan&#x131;</subfield>
    <subfield code="d">1881-1938</subfield>
    <subfield code="x">Ya&#x15F;am &#xF6;yk&#xFC;s&#xFC;</subfield>
  </datafield>
  <datafield tag="650" ind1=" " ind2="0">
    <subfield code="9">5415</subfield>
    <subfield code="a">Cumhurba&#x15F;kanlar&#x131;</subfield>
    <subfield code="x">Ya&#x15F;am &#xF6;yk&#xFC;s&#xFC;</subfield>
  </datafield>
  <datafield tag="942" ind1=" " ind2=" ">
    <subfield code="2">ddc</subfield>
    <subfield code="c">BKS</subfield>
  </datafield>
</record>
